|
|
|
|
| LEADER |
00000cam a2200000 7i4500 |
| 001 |
0000003393 |
| 005 |
20051212.0 |
| 020 |
0 |
0 |
|a 9832883008
|
| 090 |
0 |
0 |
|a 583.62409595
|b SYM
|
| 100 |
1 |
0 |
|a SYMINGTON, C.F.
|
| 245 |
1 |
0 |
|a Foresters'manual of dipterocarps
|c by C. F. SYMINGTON revised by ASHTON P.S. & APPANAH S.
|
| 260 |
0 |
0 |
|a Kepong/Kuala Lumpur :
|b FRIM ,
|c 2004
|
| 300 |
|
|
|a xxxi, 519 p. :
|b ill. ;
|c 23 cm.
|
| 440 |
0 |
0 |
|a Malayan Forest Records No. 16
|
| 650 |
0 |
0 |
|a Dipterocarpaceae
|z Malaysia
|x Handbooks, manual, etc.
|
| 650 |
0 |
0 |
|a Forest and forestry
|z Malaysia
|x Handbooks, manual, etc.
|
| 650 |
0 |
0 |
|a Trees
|z Malaysia
|x Handbooks, manual, etc.
|
| 700 |
1 |
1 |
|a Appanah S.
|
| 700 |
1 |
1 |
|a Ashton, P.S.
|
| 999 |
|
|
|a 0000006456
|b Monograph
|c Open Shelf
|e Default branch
|
| 999 |
|
|
|a 0000006457
|b Monograph
|c Open Shelf
|e Default branch
|
| 999 |
|
|
|a 0000006458
|b Monograph
|c Open Shelf
|e Default branch
|
| 999 |
|
|
|a 0000006459
|b Monograph
|c Open Shelf
|e Default branch
|